00321nam a2200133Ia 4500008004100000100001700041245002200058250001200080260004100092300000800133650002400141942000700165999001500172190216s9999||||xx |||||||||||||| ||und|| aPeebles. Pje 0aQuantum Mechanics a1st Ed. bPrentice Hall Of India Pvt Ltdc2001 a419 aChemistry-Chemistry cBK c2987d2987